The passion /

সংরক্ষণ করুন:
গ্রন্থ-পঞ্জীর বিবরন
প্রধান লেখক: Winterson, Jeanette (লেখক)
বিন্যাস: গ্রন্থ
ভাষা:ইংরেজি
প্রকাশিত: London (etc.) : Penguin, 1988
ট্যাগগুলো: ট্যাগ যুক্ত করুন
কোনো ট্যাগ নেই, প্রথমজন হিসাবে ট্যাগ করুন!

MARC

LEADER 00000nam a22000007i 4500
001 IT\ICCU\UBO\1486462
003 ItRI
005 20260115231813.0
008 011105s1988 xxk|||||| ||||| |||||c
020 |a 0140108319 
040 |b ita  |c importazione bologna sebina 
041 7 |a eng  |2 ISO-639-2 
100 1 |a Winterson, Jeanette  |0 IT\ICCU\CFIV\116036  |4 aut 
245 1 4 |a The passion /  |c Jeanette Winterson. 
260 |a London (etc.) :  |b Penguin,  |c 1988 
300 |a 160 p. ;  |c 19 cm. 
942 |2 ddc  |c BK  |n 0 
952 |0 0  |1 0  |4 0  |6 L_823_000000000000000_WIN  |7 0  |9 12995  |a BO  |b BO  |d 2026-01-15  |i 2878  |l 0  |o L 823 WIN  |p BO2878  |r 2026-01-15 23:18:13  |w 2026-01-15  |x [Sebina 5] [1 v.]  |y BK  |z 1 v. 
999 |c 11128  |d 11128